| 000 | 01150nam a2200313 a 4500 | ||
|---|---|---|---|
| 003 | BLK | ||
| 005 | 20240125161934.0 | ||
| 008 | 180408b bul|||||r ||||||| ||bul|| | ||
| 010 | _aKNG00061461000 | ||
| 040 | _aBLK | ||
| 041 |
_aBUL _cBUL |
||
| 080 |
_aБългарски език _b811.163.2 _x(03) _z811.163.2(03) |
||
| 100 | 1 |
_aРадева, Пенка Георгиева _eпърви автор _9364225 |
|
| 139 | _aРадева, Пенка и др. | ||
| 245 | 1 | 0 |
_aУчебен речник на непознати чужди и остарели думи в българския език _cПенка Георгиева Радева; съавт. Ния Радева. |
| 257 | _aBGR | ||
| 260 |
_aВ. Търново _bСлово _c1994 _9209803 _n978-619-212- ; 978-954-439- |
||
| 300 |
_a202 с. _c20 см |
||
| 380 | _a80 | ||
| 490 | _aМалка ученическа библиотека | ||
| 700 | 1 |
_aРадева, Ния _eсъавт. _9369208 |
|
| 852 |
_aЦб 179690 _bЦб |
||
| 856 | 4 | _qpdf | |
| 856 | 4 | _qpdf | |
| 942 |
_cKNG _n0 |
||
| 944 |
_aCR _c13.06.2004 _k30534 _lРадостина Карадакова |
||
| 944 |
_aED _c22.02.2011 |
||
| 999 |
_c57458 _d57458 |
||
| 999 | _d57458 | ||